00318nam a22001215 4500003000400000005001700004008002500021020002900046040000800075082003200083245003900115300004200154KPN20260305162512.020260305b 00| 0 my d a9789670955070cRM 142.50 cKPN 223a352.2309595121 SEJ 2017 aSejarah Kesultanan Melayu Kelantan axii, 198 pages;c27 cmbillustrations